[Event "SVK-ch op"]
[Site "Ruzomberok"]
[Date "2019.07.02"]
[Round "4"]
[White "Kukan, Michal"]
[Black "Horbal, Michal"]
[Result "1-0"]
[WhiteElo "1698"]
[BlackElo "1121"]
[PlyCount "113"]
[EventDate "2019.06.29"]
[EventType "swiss"]
[EventRounds "9"]
[EventCountry "SVK"]
[SourceTitle "CBM 191 Extra"]
[Source "ChessBase"]
[SourceDate "2019.09.30"]
[SourceVersion "1"]
[SourceVersionDate "2019.09.30"]
[SourceQuality "1"]

1. c4 d6 2. Nc3 e5 3. g3 Be6 4. Bg2 c6 5. b3 Nf6 6. d4 exd4 7. Qxd4 d5 8. Bg5 Be7 9. cxd5 Bxd5 10. Nxd5 cxd5 11. Nf3 Nc6 12. Qa4 0-0 13. 0-0 Ne4 14. Bxe7 Qxe7 15. Rac1 Rfd8 16. Rfd1 Rac8 17. e3 a6 18. Nd4 Ne5 19. Nf5 Qe6 20. Rxc8 Rxc8 21. Bxe4 dxe4 22. Qxe4 g6 23. Nd4 Qe7 24. Kg2 f5 25. Qd5+ Kh8 26. Ne6 Nc6 27. h4 Nb4 28. Qd8+ Rxd8 29. Rxd8+ Qxd8 30. Nxd8 Nxa2 31. Nxb7 Kg7 32. Nc5 Nb4 33. Kf3 Kf6 34. e4 h5 35. Kf4 a5 36. e5+ Kf7 37. Ke3 Nd5+ 38. Kd4 Nb4 39. f4 Nc6+ 40. Kc4 Nb4 41. Kb5 Nd5 42. Kxa5 Ke7 43. b4 Kd8 44. b5 Kc7 45. Na6+ Kb7 46. Nb4 Nb6 47. Nc6 Nc4+ 48. Kb4 Nb6 49. Kc5 Nd7+ 50. Kd6 Kc8 51. Ne7+ Kd8 52. Nxg6 Nb6 53. e6 Ke8 54. Kc6 Nc4 55. b6 Na5+ 56. Kc7 Nc4 57. b7 1-0